| 000 | 00500nam a2200181Ia 4500 | ||
|---|---|---|---|
| 003 | OSt | ||
| 005 | 20200821140147.0 | ||
| 008 | 190216s9999||||xx |||||||||||||| ||und|| | ||
| 020 | _a9788188646470 | ||
| 040 | _coclc | ||
| 082 |
_a660 _bKUM/I |
||
| 100 |
_aKumar, V _94275 |
||
| 245 | 0 |
_aAn Introduction To Green Chemistry / _cV Kumar |
|
| 260 |
_bVishal Publications, _c2008. _aJalandhar: |
||
| 300 | _a128p | ||
| 650 | _aChemistry | ||
| 942 |
_cBK _2ddc _h660 _iKUM/I _k660 _mKUM/I |
||
| 999 |
_c3484 _d3484 |
||